000 00423nam a2200181Ia 4500
001 2924
005 20260306144843.0
008 260306t2007||||xx |||||||||||||| ||spa||
041 _aESP
082 _a234
_bC25J
100 _aCantalamessa, Raniero
_eAUT
245 0 _aJesucristo, el santo de Dios
260 _c2007
300 _a207 páginas :
_c22 cm.
650 _aGEN
654 _aCHU
942 _cLIB
_dJUS
_fJUS
_2ddc
_n
999 _c2924
_d2924